mysqli: Table './ulib62015/stat_globaluid' is marked as crashed and should be repaired
select id from stat_globaluid where statuid='20260517200510_2560'
mysqli: Table './ulib62015/stat_globaluid' is marked as crashed and should be repaired
DELETE FROM stat_globaluid
WHERE id NOT IN (
SELECT id
FROM (
SELECT id
FROM stat_globaluid
ORDER BY id DESC
LIMIT 100
) foo
);
mysqli: Table './ulib62015/stat_globaluid' is marked as crashed and should be repaired
insert into stat_globaluid set
statuid='20260517200510_2560',
dt='1779023110',
phpself='/ULIB62015/dublinfull.php',
agent='Mozilla/5.0 AppleWebKit/537.36 (KHTML, like Gecko; compatible; ClaudeBot/1.0; +claudebot@anthropic.com)',
yea='2026',
mon='5',
dat='17',
ip='216.73.216.45'
mysqli: Table './ulib62015/stathist_viewbib_bib_type' is marked as crashed and should be repaired
insert into stathist_viewbib_bib_type set
dat='17' ,
mon='05' ,
yea='2026' ,
statuid='20260517200510_2560' ,
head='13399108032' ,
foot='marc' ,
dt='1779023110'
| LEADER : 00000nam 2200000uu 4500 |
| 001 13399108032 |
| 003 ULIB |
| 008 110627s||||||||th 000 0 tha d |
| 020 9786162000997
|
| 050 4 T385^bพ792
|
| 100 0 พิทักษ์ เทพพิทักษ์
|
| 245 10 Photoshop retouch
|
| 260 นนทบุรี :^bไอดีซี,^c2553
|
| 300 272 หน้า
|
| 500 ชื่อเรื่องจากหน้าหลังหน้าปกใน
|
| 650 ฟโต้ช็อป ซีเอสไฟว์
|
| 945 ^p280^l0^i015479
|
| 945 ^p0^l0^i015480 |
| 999 ^aใช้งานได้ทุกระบบ
|
| คุณยังไม่ได้ล็อกอิน คุณสามารถมีกิจกรรมร่วมกับเว็บไซต์ได้ แต่ต้องล็อกอินก่อน :: |
|
|
|
| ลำดับที่ |
ประเภท |
เลขเรียก/บาร์โค้ด |
สถานที่ |
สถานะ |
| 1. |
 หนังสือ | T385 พ792 ฉ.1 Barcode: 015479 | หนังสือทั่วไป | บนชั้น ขอยืม |
| 2. |
 หนังสือ | T385 พ792 ฉ.2 Barcode: 015480 | หนังสือทั่วไป | บนชั้น ขอยืม |
|
ยังไม่เคยถูกคอมเมนท์
|
| คอมเมนท์ทรัพยากรรายการนี้ |
|